000 00961nam a22002897a 4500
001 9489
003 FISKH
005 20260114115201.0
008 260114b cb ||||| |||| 00| 0 eng d
020 _a9780590965378
040 _aFISKH
_beng
_cFISKH
_dFISKH
050 _aPN6231.S3
082 _a808
100 _aEisenberg, Lisa
245 _a101 back-to-school jokes /
_cBy Lisa Einsenberg and Katy Hall ; Illustrated by John Devore
260 _aNew York :
_bScholastic Inc,
_c1994.
300 _a96 pages :
_billustrations ;
_c18 cm
505 _aJ
520 _aStart the school year laughing. Get back in the swing of things with back-to-school jokes and riddles that will keep you giggling all school year long.
521 8 _a500
_bLexile
521 8 _aJ
_bRaz-Plus
650 _aJoke books
_vJevenile fiction
700 _aHall, Katy
_eAuthor
700 _aDevore, John
_eillustrator
942 _2ddc
_cBK
_n0
999 _c9489
_d9489